5HLuxD.jpg

KING HENRY VIII SENIOR AND PRIMARY SCHOOL LIBRARY OPAC

The juvie three / (Record no. 121)

000 -LEADER
fixed length control field 02123cam a2200421Ii 4500
001 - CONTROL NUMBER
control field 999620976
003 - CONTROL NUMBER IDENTIFIER
control field OCoLC
005 - DATE AND TIME OF LATEST TRANSACTION
control field 20190726113107.0
008 - FIXED-LENGTH DATA ELEMENTS--GENERAL INFORMATION
fixed length control field 170706t20172008cau 000 1 eng
020 ## - INTERNATIONAL STANDARD BOOK NUMBER
International Standard Book Number 9781484798430
Qualifying information (paperback)
020 ## - INTERNATIONAL STANDARD BOOK NUMBER
International Standard Book Number 1484798430
Qualifying information (paperback)
035 ## - SYSTEM CONTROL NUMBER
System control number (OCoLC)999620976
Canceled/invalid control number (OCoLC)962551985
-- (OCoLC)962816310
040 ## - CATALOGING SOURCE
Original cataloging agency AU@
Language of cataloging eng
Transcribing agency AU@
Description conventions rda
Modifying agency OCLCO
-- BKL
-- YDX
-- NYP
049 ## - LOCAL HOLDINGS (OCLC)
Holding library NYPP
082 04 - DEWEY DECIMAL CLASSIFICATION NUMBER
Classification number FIC KOR
Edition number 23
091 ## - MICROFILM SHELF LOCATION (AM) [OBSOLETE]
Microfilm shelf location FIC
100 1# - MAIN ENTRY--PERSONAL NAME
Personal name Korman, Gordon,
Relator term author.
245 14 - TITLE STATEMENT
Title The juvie three /
Statement of responsibility, etc. Gordon Korman.
246 30 - VARYING FORM OF TITLE
Title proper/short title Juvie 3.
250 ## - EDITION STATEMENT
Edition statement New Paperback Edition.
264 #1 - PRODUCTION, PUBLICATION, DISTRIBUTION, MANUFACTURE, AND COPYRIGHT NOTICE
Place of production, publication, distribution, manufacture Los Angeles ;
-- New York :
Name of producer, publisher, distributor, manufacturer Hyperion,
Date of production, publication, distribution, manufacture, or copyright notice 2017.
264 #4 - PRODUCTION, PUBLICATION, DISTRIBUTION, MANUFACTURE, AND COPYRIGHT NOTICE
Date of production, publication, distribution, manufacture, or copyright notice ℗♭2008.
300 ## - PHYSICAL DESCRIPTION
Extent 228 pages ;
Dimensions 21 cm.
336 ## - CONTENT TYPE
Content type term text
Content type code txt
Source rdacontent.
337 ## - MEDIA TYPE
Media type term unmediated
Media type code n
Source rdamedia.
338 ## - CARRIER TYPE
Carrier type term volume
Carrier type code nc
Source rdacarrier.
500 ## - GENERAL NOTE
General note First published in hardcover : 2008 ; in paperback : 2010.
520 ## - SUMMARY, ETC.
Summary, etc. "Gecko Fosse drove the getaway car. Terence Florian ran with the worst gang in Chicago. Arjay Moran killed someone. All three boys are serving time in juvenile detention centers until they get a second chance. Douglas Healy, a former juvenile delinquent himself, is running an experimental halfway house in New York City, where he wants to make a difference in the lives of kids like Gecko, Terence, and Arjay. Things are going well until one night Healy is accidentally knocked unconscious while trying to break up a scuffle among the boys. Terrified of the consequences, they drop him off at a hospital and run away. When Healy wakes up, he has no memory of them or the halfway house. Afraid of being sent back to Juvie, the guys hatch a crazy scheme to continue on as if the group leader never left. But if the boys are discovered, their second chance will be their last...."--page [4] of cover.
650 #0 - SUBJECT ADDED ENTRY--TOPICAL TERM
Topical term or geographic name entry element Group homes
Form subdivision Fiction.
650 #0 - SUBJECT ADDED ENTRY--TOPICAL TERM
Topical term or geographic name entry element Juvenile delinquents
Form subdivision Fiction.
650 #0 - SUBJECT ADDED ENTRY--TOPICAL TERM
Topical term or geographic name entry element Cooperativeness
Form subdivision Fiction.
650 #0 - SUBJECT ADDED ENTRY--TOPICAL TERM
Topical term or geographic name entry element Friendship
Form subdivision Fiction.
901 ## - LOCAL DATA ELEMENT A, LDA (RLIN)
a MARS
901 ## - LOCAL DATA ELEMENT A, LDA (RLIN)
a LIS
b CATBL
942 ## - ADDED ENTRY ELEMENTS (KOHA)
Source of classification or shelving scheme
Koha item type Books - Fiction
945 ## - LOCAL PROCESSING INFORMATION (OCLC)
a .b213177249
946 ## - LOCAL PROCESSING INFORMATION (OCLC)
a m
Holdings
Withdrawn status Lost status Source of classification or shelving scheme Damaged status Not for loan Collection code Permanent Location Current Location Shelving location Date acquired Total Checkouts Total Renewals Full call number Barcode Date due Date last seen Date last checked out Price effective from Koha item type
          Fiction KH8 Senior School Library KH8 Senior School Library Fiction 2019-07-26 4 1 FIC KOR 3KHSL000101092 2024-05-06 2024-04-18 2024-04-18 2019-07-26 Books - Fiction

Powered By KH8 IT Dept